| 000 | 01095nam a22003497a 4500 | ||
|---|---|---|---|
| 001 | 0009564 | ||
| 003 | KOHA_MİRAKIL | ||
| 005 | 20260207001713.0 | ||
| 007 | ta | ||
| 008 | 091021b1997 tu |||gr||||#||||0|tur | | ||
| 020 |
_a9756951052 _c0,01 |
||
| 040 |
_aTR-BiSEU _btur _cTR-BiSEU _erda |
||
| 041 | 0 | _atur | |
| 044 | _ctu | ||
| 050 |
_aKKX480 _b.O33 1997 |
||
| 100 | 1 | _aÖkçün, A. Gündüz. | |
| 245 | 1 |
_aDevletler hususi hukukunun kaynakları ve kamu düzeni/ _cA. Gündüz Ökçün ; A. Gündüz Ökçun. |
|
| 250 | _a2. bsk. | ||
| 264 | 1 |
_aAnkara : _bSermaye Piyasası Kurulu _c1997 |
|
| 300 | _axvii,141 sayfa | ||
| 336 |
_ametin _btxt _2rdacontent |
||
| 337 |
_aaracısız _bn _2rdamedia |
||
| 338 |
_acilt _bnc _2rdacarrier |
||
| 490 | 1 |
_aSermaye Piyasası Kurulu ; _vyayın no: 108. |
|
| 490 | 1 |
_aBütün eserleri ; _v8 |
|
| 500 | _aKaynakça ve dizin var. | ||
| 650 | 0 |
_aInternational law. _96830 |
|
| 650 | 0 |
_aUluslararası hukuk. _96825 |
|
| 830 | 1 |
_aSermaye Piyasası Kurulu ; _vyayın no: 108. _95703 |
|
| 830 | 1 |
_aBütün eserleri ; _v8 _96304 |
|
| 942 |
_2lcc _cBK |
||
| 999 |
_c9536 _d9536 |
||